00607cam a2200205 a 450000100100000000500170001000800410002702000150006803500190008304000300010208200190013210000280015124500500017926000500022930000210027949000230030065000260032365000280034983000240037700001022520200929161914.0890508s1988 cr 000 0 spa  a9977901821 a(DLC) 89815041 aDO-SdBNPcDLCdDLCdBNPHU aN861.44bP349a1 aPeña, Horacio,d1936-10aAntología del inmigrante /cHoracio Peña. aSan José, Costa Rica :bLibro Libre,c1988. a103 p. ;c21 cm.1 aPoesía en exilio 4aPoesía nicaraguense 4aLiteratura nicaraguense 0aPoesía en exilio.